000 01081nam a2200337Ia 4500
001 Z_6642
003 CHAP
008 220113s[196 xx 000 0 und d
010 _a169914
040 _cCHAP
082 _a637.127 L47
100 _aLerche, Martín
_966287
245 _aInspección veterinaria de la leche /
_cMartín Lerche; colaboración H. Bartels...[et al.]; traducción Jaime Esaín Escobar
260 _aEspaña :
_bAcribia,
_c[196
300 _a375 p.
500 _aTraducción de la obra en alemán: Lerhbuch der tierärztlichen milchiiberwoachung
503 _aej.1: s/n \ ej.2: s/n \ ej.3: s/n
650 _aAlimentos
_x
_x Adulteración e inspección
_9145446
650 _aAnálisis de la leche
_9141837
650 _aCalidad de la leche
_9145447
650 _aLeche
_965357
650 _aLegislación alimentaria
_x
_x Alemania
_9145448
700 _a Escobar, Jaime Esaín, tr.
_9138448
700 _aBartels, H., colab.
_9145449
901 _a637.127 L47
902 _aM
910 _a[196
942 _c1
942 _cc1
999 _c169914
_d169914